El plazo razonable en el proceso del estado de derecho: una investigación acerca del problema de la excesiva duración del proceso penal y sus posibles soluciones

Kaydedildi:
Detaylı Bibliyografya
Yazar: Pastor, Daniel R. (autor)
Materyal Türü: Kitap
Dil:İspanyolca
Baskı/Yayın Bilgisi: Buenos Aires Ad-Hoc 2002
Konular:
Etiketler: Etiketle
Etiket eklenmemiş, İlk siz ekleyin!

MARC

LEADER 00000nam a2200000 a 4500
001 UCM8021
003 CL-VaPUC
008 030117e20020000AG |||||||||||||||||spa|d
082 0 4 |a 345.8205  |b PAS  |2 21 
100 |a Pastor, Daniel R.  |e autor  |9 473867 
245 1 3 |a El plazo razonable en el proceso del estado de derecho: una investigación acerca del problema de la excesiva duración del proceso penal y sus posibles soluciones 
300 |a 700 p 
942 |c BK 
945 |d 20030117 00:00:00  |a cmena 
260 |a Buenos Aires  |b Ad-Hoc  |c 2002 
650 0 |a Derecho penal argentino  |9 473868 
650 0 |a Procedimiento penal  |9 254974 
650 0 |a Derecho comparado  |9 255664 
650 0 |a Derechos humanos  |9 223025 
651 0 |a Argentina  |9 254888 
583 |a last modification  |c 20030117 00:00:00  |k Rodrigo Vera 
999 |c 302632  |d 302630 
952 |0 0  |1 0  |4 0  |6 345_820500000000000_PAS_2002  |7 0  |8 A  |9 363325  |a BIBDER  |b BIBDER  |d 2019-11-21  |i 3877612  |o 345.8205 PAS 2002  |p 3877612  |r 2019-11-21  |w 2019-11-21  |y BK  |k DER